Textbook of immunopathology / (Record no. 54952)
[ view plain ]
| 000 -LEADER | |
|---|---|
| fixed length control field | 00898cam9a220025300 4500 |
| 001 - CONTROL NUMBER | |
| control field | lce00608377 |
| 008 - FIXED-LENGTH DATA ELEMENTS--GENERAL INFORMATION | |
| fixed length control field | 711007m19681969nyua b 000 0 eng |
| 010 ## - LIBRARY OF CONGRESS CONTROL NUMBER | |
| LC control number | 67024275 //r69 |
| 035 ## - SYSTEM CONTROL NUMBER | |
| System control number | (Sirsi) r23697 |
| 035 ## - SYSTEM CONTROL NUMBER | |
| System control number | (DLC) 67024275 //r69 |
| 035 ## - SYSTEM CONTROL NUMBER | |
| System control number | (UPRA)lce00608377 |
| 040 ## - CATALOGING SOURCE | |
| Modifying agency | UPRA |
| 050 0# - LIBRARY OF CONGRESS CALL NUMBER | |
| Classification number | RC584 |
| Item number | .M52 |
| 082 ## - DEWEY DECIMAL CLASSIFICATION NUMBER | |
| Classification number | 616.07 |
| 100 1# - MAIN ENTRY--PERSONAL NAME | |
| Personal name | Miescher, Peter A. |
| Linkage | A26420.1 |
| 245 10 - TITLE STATEMENT | |
| Title | Textbook of immunopathology / |
| Statement of responsibility, etc. | edited by Peter A. Miescher and Hans J. Muller-Eberhard ; with 75 contributors. |
| 260 ## - PUBLICATION, DISTRIBUTION, ETC. | |
| Place of publication, distribution, etc. | New York : |
| Name of publisher, distributor, etc. | Grune & Stratton, |
| Date of publication, distribution, etc. | [1968-69] |
| 504 ## - BIBLIOGRAPHY, ETC. NOTE | |
| Bibliography, etc. note | Includes bibliographies. |
| 650 #0 - SUBJECT ADDED ENTRY--TOPICAL TERM | |
| Topical term or geographic name entry element | Immunopathology. |
| Linkage | S18988.1 |
| 700 2# - ADDED ENTRY--PERSONAL NAME | |
| Personal name | Muller-Eberhard, Hans J., 1927- |
| Dates associated with a name | Muller-Eberhard, Hans J., 1927- |
| Linkage | A85427.1 |
| 949 ## - LOCAL PROCESSING INFORMATION (OCLC) | |
| a | RC584 |
| v | VOL. 1 |
| w | LC |
| i | -23109 |
| m | MEDICAL |
| t | BOOK |
| l | ON-SHELF |
| 949 ## - LOCAL PROCESSING INFORMATION (OCLC) | |
| a | RC584 |
| v | VOL. 2 |
| w | LC |
| i | -23110 |
| m | MEDICAL |
| t | BOOK |
| l | ON-SHELF |
No items available.